[Event "Suwalki op-A"]
[Site "Suwalki"]
[Date "2000.??.??"]
[Round "?"]
[White "Skiendzielewski, Zbigniew"]
[Black "Ciolek, Marcin"]
[Result "1/2-1/2"]
[WhiteElo "2200"]
[BlackElo "2100"]
[PlyCount "88"]
[EventDate "2000.08.??"]
[EventType "swiss"]
[EventRounds "10"]
[EventCountry "POL"]
[SourceTitle "EXT 2003"]
[Source "ChessBase"]
[SourceDate "2002.11.25"]
[SourceVersion "1"]
[SourceVersionDate "2002.11.25"]
[SourceQuality "1"]

1. d4 f5 2. c4 Nf6 3. Nc3 g6 4. Qc2 Bg7 5. e4 fxe4 6. Nxe4 Nxe4 7. Qxe4 d6 8. Nf3 Nc6 9. Bd2 Bf5 10. Qe3 a5 11. a3 a4 12. Rd1 0-0 13. Bc3 Na5 14. Nd2 Nc6 15. Be2 e5 16. dxe5 Nxe5 17. 0-0 Re8 18. Qg3 Qe7 19. f4 Nd7 20. Rfe1 Bxc3 21. Qxc3 Nc5 22. g3 Qe3+ 23. Qxe3 Rxe3 24. Bf1 Rae8 25. Kf2 Rxe1 26. Rxe1 Rxe1 27. Kxe1 Kg7 28. Kf2 Nd3+ 29. Bxd3 Bxd3 30. Ke3 Bf5 31. Kd4 Kf6 32. Nf1 Bd7 33. Ne3 c5+ 34. Kd5 Ke7 35. Ke4 Bc6+ 36. Kd3 Ke6 37. Nd1 b5 38. Ne3 d5 39. cxd5+ Bxd5 40. Nxd5 Kxd5 41. g4 b4 42. f5 gxf5 43. gxf5 bxa3 44. bxa3 Ke5 1/2-1/2

[Event "POL-chT2"]
[Site "Augustow"]
[Date "1997.??.??"]
[Round "?"]
[White "Rumiantsev, Alex"]
[Black "Skiendzielewski, Zbigniew"]
[Result "1-0"]
[WhiteElo "2100"]
[BlackElo "1975"]
[PlyCount "57"]
[EventDate "1997.??.??"]
[EventType "team"]
[EventRounds "9"]
[EventCountry "POL"]
[SourceTitle "EXT 2003"]
[Source "ChessBase"]
[SourceDate "2002.11.25"]
[SourceVersion "1"]
[SourceVersionDate "2002.11.25"]
[SourceQuality "1"]

1. Nf3 c5 2. g3 Nc6 3. Bg2 g6 4. 0-0 Bg7 5. d3 d6 6. c3 e5 7. Bg5 Qc7 8. Qc1 h6 9. Be3 Nf6 10. b4 cxb4 11. cxb4 Qe7 12. b5 Nd8 13. Bxa7 Bd7 14. b6 Nc6 15. Nc3 Nxa7 16. Qa3 0-0 17. bxa7 Bc6 18. Rab1 Rfc8 19. Rfc1 g5 20. Nb5 Bf8 21. Qb4 Qd7 22. Qa5 Be7 23. a4 Nd5 24. Qd2 Nc7 25. h4 gxh4 26. Qxh6 hxg3 27. Bh3 Ne6 28. Bf5 f6 29. Bh7+ 1-0

[Event "Augustow op-B"]
[Site "Augustow"]
[Date "1996.??.??"]
[Round "?"]
[White "Skiendzielewski, Zbigniew"]
[Black "Anuszkiewicz, Konrad"]
[Result "1/2-1/2"]
[WhiteElo "2000"]
[BlackElo "2000"]
[PlyCount "124"]
[EventDate "1996.??.??"]
[EventType "swiss"]
[EventRounds "9"]
[EventCountry "POL"]
[SourceTitle "EXT 2003"]
[Source "ChessBase"]
[SourceDate "2002.11.25"]
[SourceVersion "1"]
[SourceVersionDate "2002.11.25"]
[SourceQuality "1"]

1. Nf3 d5 2. c4 c6 3. b3 Nf6 4. Bb2 Bg4 5. d3 Nbd7 6. Nbd2 e6 7. g3 Bd6 8. Bg2 0-0 9. 0-0 h6 10. Rc1 Rc8 11. Rc2 Qe7 12. Qa1 e5 13. cxd5 cxd5 14. Rfc1 Rxc2 15. Rxc2 e4 16. Nd4 e3 17. fxe3 Qxe3+ 18. Kh1 Re8 19. N2f3 Bxf3 20. Bxf3 Be5 21. Nf5 Bxb2 22. Qxb2 Qf2 23. Rc1 Ne5 24. Qd4 Qxd4 25. Nxd4 Nxf3 26. exf3 Re3 27. Rc3 Nd7 28. f4 b6 29. b4 Nf6 30. Kg2 h5 31. b5 g6 32. h3 h4 33. gxh4 Nh5 34. f5 Nf4+ 35. Kf2 Rxh3 36. fxg6 fxg6 37. Nf3 Rh1 38. Rc8+ Kf7 39. Ke3 Ne6 40. Ng5+ Ke7 41. Nxe6 Kxe6 42. Ra8 Rh3+ 43. Kd4 Rxh4+ 44. Kc3 Rh7 45. Rg8 Kf6 46. Kd4 Rd7 47. Rf8+ Ke6 48. Rg8 Kf5 49. Rf8+ Kg4 50. Ke5 g5 51. Ke6 Rc7 52. d4 Rc2 53. Kxd5 Rxa2 54. Kc6 Kh3 55. d5 Rc2+ 56. Kb7 Rd2 57. Rd8 Rb2 58. Kxa7 Rxb5 59. d6 Rd5 60. Kxb6 g4 61. Kc6 Rd1 62. d7 g3 1/2-1/2

[Event "Augustow op-B"]
[Site "Augustow"]
[Date "1996.??.??"]
[Round "?"]
[White "Skiendzielewski, Zbigniew"]
[Black "Zakonnik, Andrzej"]
[Result "0-1"]
[WhiteElo "2000"]
[BlackElo "2065"]
[PlyCount "77"]
[EventDate "1996.??.??"]
[EventType "swiss"]
[EventRounds "9"]
[EventCountry "POL"]
[SourceTitle "EXT 2003"]
[Source "ChessBase"]
[SourceDate "2002.11.25"]
[SourceVersion "1"]
[SourceVersionDate "2002.11.25"]
[SourceQuality "1"]

1. Nf3 Nf6 2. c4 d6 3. d4 g6 4. g3 Bg7 5. Bg2 0-0 6. Nc3 c6 7. 0-0 Nbd7 8. h3 e5 9. e4 Re8 10. Bg5 Qb6 11. Rb1 exd4 12. Nxd4 Nc5 13. Be3 Qa6 14. b4 Qxc4 15. bxc5 Qxc3 16. cxd6 Qa3 17. Nc2 Qxa2 18. Bg5 Qe6 19. Re1 Nd7 20. Be7 Qc4 21. f4 a5 22. e5 a4 23. Qe2 Qxe2 24. Rxe2 Bf8 25. Bxf8 Kxf8 26. Na3 Nc5 27. Rb4 Be6 28. Rc2 Ra5 29. Rc3 Raa8 30. Kf2 Ra7 31. Ke3 f6 32. g4 fxe5 33. fxe5 Nd7 34. Kf4 Ra5 35. h4 Bd5 36. Bxd5 Rxd5 37. Re4 Rxd6 38. Kg5 Rd5 39. Kf4 0-1